Lexique de Geographie A-Z - Statistiques

Statistiques générales
  • Ce quiz a été pris 162 fois
  • Le résultat moyen est 15 sur 26
Statistiques - réponses
Description(s) Commence par Réponse(s) % Correct
Le nom donné à un bidonville du Brésil. F Favela
96%
Un immeuble de grande hauteur. G Gratte-ciel
92%
Regroupement localisé de végétation dans un désert, signe que de l'eau est présente et relativement accessible. O Oasis
92%
Pays actuel, anciennement appelé Rhodésie du Sud. Z Zimbabwe
90%
Belgique, Pays-Bas, Luxembourg. B Benelux
88%
Hostilité de principe envers les étrangers, ou ce qui vient de l'étranger. X Xénophobie
83%
Petit groupe de maisons à l’écart d’un village H Hameau
82%
Époque de l’année où le jour et la nuit ont la même durée sur toute la surface de la terre. E Équinoxe
80%
Carte du monde représentant à plat toutes les parties du globe terrestre. P Planisphère
80%
Habitat traditionnel des nomades d’Asie centrale. Y Yourte
70%
Une terre laissée au repos. J Jachère
66%
Vent provenant de l’Océan Indien provoquant de fortes pluies en Asie du Sud/Sud-Est pendant l’été. M Mousson
65%
Dispersion d’un peuple, d’une communauté, à travers le monde. D Diaspora
64%
Figure indiquant les points cardinaux (nord, sud, est, ouest) et les points intermédiaires, jusqu’à 32 directions. R Rose des Vents
59%
Forêt en milieu continental très froid (ex : Sibérie) formée de bouleaux et de conifères (sapins et pins) supportant des hivers froids. T Taïga
57%
Étendue d’eau salée formant un étang séparé de la mer par un cordon littoral (Une ------). L Lagune
54%
Vent régulier soufflant des tropiques vers l’équateur. A Alizé
50%
Habitant d’une île I Insulaire
49%
Ville totalement isolée du reste du territoire russe, entre la Pologne et la Lituanie. K Kaliningrad
47%
Se dit d'un pays dont le territoire est essentiellement constitué d’une ville ; exemple : Singapour C Cité-État
43%
Par opposition à l'adret, versant d'une vallée le moins exposé au soleil. U Ubac
40%
Ensemble des techniques permettant la création et l'exploitation rationnelle des forêts tout en assurant leur conservation et leur régénération. S Sylviculture
29%
Catégorie de population la plus défavorisée, dans les pays pauvres comme dans les pays riches. Q Quart Monde
26%
Population qui occupe les fonctions importantes aux États-Unis. Acronyme en 4 lettres. W WASP
23%
Nom donné à la façade portuaire de la mer du Nord et de la Manche. Terme anglais. N Northern Range
6%
Paysage de la campagne en Afrique du Sud, caractérisé par de larges étendues au relief peu marqué, couvertes d'herbe et d'arbustes. V Veld
3%
Aucun quiz correspondant
Distribution des résultats
% des personnes avec chaque résultat
Percentile par nombre de réponses
Votre historique - résultats
Vous n’avez pas pris ce quiz